Titans of the twentieth century: (Record no. 1309382)

MARC details
000 -LEADER
fixed length control field 02784cam a2200445 i 4500
001 - CONTROL NUMBER
control field 23738541
005 - DATE AND TIME OF LATEST TRANSACTION
control field 20250425115012.0
008 - FIXED-LENGTH DATA ELEMENTS--GENERAL INFORMATION
fixed length control field 240618s2024 nyu b 001 0 eng
010 ## - LIBRARY OF CONGRESS CONTROL NUMBER
LC control number 2024006509
020 ## - INTERNATIONAL STANDARD BOOK NUMBER
International Standard Book Number 9780197782477
037 ## - SOURCE OF ACQUISITION
Terms of availability TB
040 ## - CATALOGING SOURCE
Original cataloging agency CRL
Language of cataloging eng
Description conventions rda
Transcribing agency CRL
Modifying agency CRL
041 ## - LANGUAGE CODE
Source of code eng
Language code of text/sound track or separate title eng
042 ## - AUTHENTICATION CODE
Authentication code pcc
050 00 - LIBRARY OF CONGRESS CALL NUMBER
Classification number D412.6
Item number .M27 2024
084 ## - COLON CLASSIFICATION NUMBER
Classification number Vv.N R4
Assigning agency CRL
100 1# - MAIN ENTRY--PERSONAL NAME
Personal name Mandelbaum, Michael,
Relator term author.
9 (RLIN) 752985
245 10 - TITLE STATEMENT
Title Titans of the twentieth century:
Remainder of title how they made history and the history they made
246 30 - VARYING FORM OF TITLE
Title proper/short title How they made history and the history they made
260 ## - PUBLICATION, DISTRIBUTION, ETC.
Place of publication, distribution, etc. New York, USA :
Name of publisher, distributor, etc. Oxford University Press,
Date of publication, distribution, etc. 2024
264 #1 - PRODUCTION, PUBLICATION, DISTRIBUTION, MANUFACTURE, AND COPYRIGHT NOTICE
Date of production, publication, distribution, manufacture, or copyright notice [2024]
300 ## - PHYSICAL DESCRIPTION
Extent ix, 338p.
Dimensions 25 cm
336 ## - CONTENT TYPE
Content type term text
Content type code txt
Source rdacontent
337 ## - MEDIA TYPE
Media type term unmediated
Media type code n
Source rdamedia
338 ## - CARRIER TYPE
Carrier type term volume
Carrier type code nc
Source rdacarrier
365 ## - TRADE PRICE
Price amount 299.00
Currency code INR
504 ## - BIBLIOGRAPHY, ETC. NOTE
Bibliography, etc. note Includes bibliographical references and index.
505 0# - FORMATTED CONTENTS NOTE
Formatted contents note Thomas Woodrow Wilson -- Vladimir Ilich Lenin (Ulyanov) -- Adolf Hitler -- Winston Leonard Spencer Churchill -- Franklin Delano Roosevelt -- Mohandas Karamchand Gandhi -- David Ben-Gurion (Gruen) -- Mao Zedong.
520 ## - SUMMARY, ETC.
Summary, etc. "The Titans of the Twentieth Century addresses an age-old question: what is the impact of individuals on history? The first half of the twentieth century offered political leaders enormous scope for changing the world. This book consists of essays about eight who, for better and for worse, did just that. Woodrow Wilson had a vision for a cooperative world order that failed after the First World War but gained in influence after the Second. Vladimir Ilich Lenin founded the totalitarian communist political system that controlled a large part of the planet for much of the twentieth century. Adolf Hitler started history's worst war and presided over history's worst atrocity, the Holocaust. Winston Churchill provided inspiring leadership to Great Britain, which made it possible to defeat Nazi Germany in World War II"--
Assigning source Provided by publisher.
650 #0 - SUBJECT ADDED ENTRY--TOPICAL TERM
Topical term or geographic name entry element Heads of state
Form subdivision Biography.
9 (RLIN) 752986
650 #0 - SUBJECT ADDED ENTRY--TOPICAL TERM
Topical term or geographic name entry element Biography
Chronological subdivision 20th century.
9 (RLIN) 752987
650 #0 - SUBJECT ADDED ENTRY--TOPICAL TERM
Topical term or geographic name entry element History, Modern
Chronological subdivision 20th century
General subdivision Historiography.
9 (RLIN) 752988
650 #0 - SUBJECT ADDED ENTRY--TOPICAL TERM
Topical term or geographic name entry element Statesmen
Form subdivision Biography.
9 (RLIN) 752989
650 #0 - SUBJECT ADDED ENTRY--TOPICAL TERM
Topical term or geographic name entry element World politics
Chronological subdivision 20th century.
9 (RLIN) 752844
776 08 - ADDITIONAL PHYSICAL FORM ENTRY
Relationship information Online version:
Main entry heading Mandelbaum, Michael.
Title Titans of the twentieth century
Place, publisher, and date of publication New York, NY : Oxford University Press, [2024]
International Standard Book Number 9780197782491
Record control number (DLC) 2024006510
906 ## - LOCAL DATA ELEMENT F, LDF (RLIN)
a 7
b cbc
c orignew
d 1
e ecip
f 20
g y-gencatlg
942 ## - ADDED ENTRY ELEMENTS (KOHA)
Source of classification or shelving scheme Colon Classification (CC)
Koha item type Textbook
Classification part Vv.N R4
Suppress in OPAC No

No items available.

Copyright @ Delhi University Library System